| 000 | 01298nam2a2200265 4500 | ||
|---|---|---|---|
| 001 | RU\NLR\bibl\1373632 | ||
| 005 | 20250615191256.0 | ||
| 010 |
_a978-5-85921-696-3 _9500 |
||
| 021 |
_aRU _b2009-24779 _91467 |
||
| 035 | _a(NLR Aleph) 001365750 | ||
| 090 |
_a1009777 _c1009777 |
||
| 100 | _a20090527d2008 |||y0rusy50 ca | ||
| 101 | 0 | _arus | |
| 102 | _aRU | ||
| 105 | _ay ||||||||| | ||
| 200 | 1 | _aСредневековье - первая половина XIX в. | |
| 210 |
_d2008 _aБ. м. |
||
| 215 | _a279 с. | ||
| 320 | _aБиблиогр.: с. 258-277 и в подстроч. примеч. | ||
| 461 | 0 |
_1001RU\NLR\bibl\1461250 _12001#$aИсториография отечественной истории$vЧ. 1 _91535140 _aУмбрашко, К. Б. _cНовосибирск _d2008 _fК.Б. Умбрашко _nПедуниверситет _oучебно-методическое пособие для специальностей 032600 "История", 032600.032800 "История и культурология", 032600.032700 "История и юриспруденция" _tИсториография отечественной истории _y978-5-85921-698-7 _vЧ. 1 |
|
| 801 | 0 |
_aRU _bNLR _c20090527 _gRCR |
|
| 801 | 1 |
_aRU _bNLR _c20090527 |
|
| 942 | _cBOOK | ||
| 980 | _aNB | ||